<?xml version="1.0" encoding="UTF-8"?><?xml-stylesheet type="text/xsl" href="static/style.xsl"?><OAI-PMH xmlns="http://www.openarchives.org/OAI/2.0/" xmlns:xsi="http://www.w3.org/2001/XMLSchema-instance" xsi:schemaLocation="http://www.openarchives.org/OAI/2.0/ http://www.openarchives.org/OAI/2.0/OAI-PMH.xsd"><responseDate>2026-04-28T19:43:20Z</responseDate><request verb="GetRecord" identifier="oai:uvadoc.uva.es:10324/6046" metadataPrefix="marc">https://uvadoc.uva.es/oai/request</request><GetRecord><record><header><identifier>oai:uvadoc.uva.es:10324/6046</identifier><datestamp>2021-06-29T10:17:03Z</datestamp><setSpec>com_10324_38</setSpec><setSpec>col_10324_852</setSpec></header><metadata><record xmlns="http://www.loc.gov/MARC21/slim" xmlns:doc="http://www.lyncode.com/xoai" xmlns:xsi="http://www.w3.org/2001/XMLSchema-instance" xmlns:dcterms="http://purl.org/dc/terms/" xsi:schemaLocation="http://www.loc.gov/MARC21/slim http://www.loc.gov/standards/marcxml/schema/MARC21slim.xsd">
<leader>00925njm 22002777a 4500</leader>
<datafield tag="042" ind1=" " ind2=" ">
<subfield code="a">dc</subfield>
</datafield>
<datafield tag="720" ind1=" " ind2=" ">
<subfield code="a">Herrero Tirado, Pablo</subfield>
<subfield code="e">author</subfield>
</datafield>
<datafield tag="260" ind1=" " ind2=" ">
<subfield code="c">2014</subfield>
</datafield>
<datafield tag="520" ind1=" " ind2=" ">
<subfield code="a">La educación mixta se introdujo en el sistema educativo español en 1970, desde entonces ha evolucionado hacia la coeducación. El deporte y la actividad física son sensibles a las discriminaciones de género. En este trabajo de fin de grado se analiza la historia de la Educación Física femenina en España, y el alcance actual de la situación de la mujer y de las niñas en la escuela con respecto a la actividad física, para después examinar diversas iniciativas coeducativas. Por último, se hace una propuesta de intervención a través de una unidad didáctica de fútbol, el deporte con mayor sesgo masculino en la sociedad española.</subfield>
</datafield>
<datafield tag="024" ind2=" " ind1="8">
<subfield code="a">http://uvadoc.uva.es/handle/10324/6046</subfield>
</datafield>
<datafield ind1=" " ind2=" " tag="653">
<subfield code="a">Educación Primaria</subfield>
</datafield>
<datafield ind1=" " ind2=" " tag="653">
<subfield code="a">Educación física</subfield>
</datafield>
<datafield ind1=" " ind2=" " tag="653">
<subfield code="a">Diferencias de género</subfield>
</datafield>
<datafield tag="245" ind1="0" ind2="0">
<subfield code="a">Diferencias de género en las actividades propuestas desde las clases de Educación Física en Educación Primaria</subfield>
</datafield>
</record></metadata></record></GetRecord></OAI-PMH>